A first course in numerical analysis.
Guardado en:
| Autor Principal: | |
|---|---|
| Formato: | Libro |
| Idioma: | English |
| Publicado: |
New York :
McGraw-Hill,
[1965]
|
| Series: | International series in pure and applied mathematics
|
| Materias: | |
| Etiquetas: |
Agregar Etiqueta
Sin Etiquetas, Sea el primero en etiquetar este registro!
|
| LEADER | 00647nam a22002051a 4500 | ||
|---|---|---|---|
| 001 | MAT.inmabb005748 | ||
| 008 | 711207s1965####nyua#####b####000#0#eng## | ||
| 005 | 20130325234641.0 | ||
| 245 | 1 | 2 | |a A first course in numerical analysis. |
| 260 | |a New York : |b McGraw-Hill, |c [1965] | ||
| 300 | |a xix, 578 p. : |b il. ; |c 23 cm. | ||
| 490 | 0 | |a International series in pure and applied mathematics | |
| 504 | |a Incluye referencias bibliográficas. | ||
| 510 | 4 | |a MR, |c 32 #8479 | |
| 100 | 1 | |a Ralston, Anthony. | |
| 650 | 0 | |a Numerical analysis. | |
| 084 | |a 65-01 |2 msc2000 | ||
| 010 | |a 64007940 | ||
| 040 | |a DLC |c DLC |d DLC | ||
| 859 | |h 65 |i R164 |p A-4130 |b BIB. MATEMATICA | ||
